Statystyki dla Państwa według ilości publikowanych książek

Kliknij tutaj aby rozwiązać quiz!

Ogólne statystyki

  • Ten quiz został rozwiązany 12 833 razy
    (3 678 od ostatniego zresetowania)
  • Średni wynik to 16 z 20

Statystyki odpowiedzi

#Państwo% Poprawnych
275.232Stany Zjednoczone
99%
21.130Polska
98%
208.418Chiny
97%
106.799Francja
96%
79.916Niemcy
96%
115.171Rosja
96%
186.000Wielka Brytania
95%
83.622Hiszpania
94%
139.078Japonia
91%
125.948Włochy
91%
46.829Brazylia
90%
90.000Indie
89%
63.476Korea Południowa
76%
88.975Turcja
73%
23.416Ukraina
69%
23.000Egipt
68%
135.081Indonezja
66%
102.691Iran
61%
24.589Wietnam
44%
28.084Tajwan
36%

Rozkład punktacji

Percentyl według liczby udzielonych odpowiedzi

Procent ludzi z każdym wynikiem

Twoja historia wyników

Nie rozwiązałeś tego quizu od ostatniego zresetowania